00465nam a2200133Ia 4500008004100000100001800041245013700059245001800196260006200214260000900276300002400285500000900309650001300318170224s9999 xx 000 0 und d aAnthony Maher aTo be (physically active) or not to be? That is the question! Special educational needs, physical education and leisure lifestyles  cAnthony Maher bJournal of Policy Research in Tourism, Leisure and Events c2016 a8:2, Pages: 196-201 a2016 xTourism.